[Event "English Schools Championship Final 2024"]
[Site "Nottingham University Kings Meadow Campus, United Kingdom"]
[Date "2024.06.27"]
[Round "1.1"]
[White "Chadwick, Thomas"]
[Black "Verma, Shlok"]
[Result "0-1"]
[TimeControl "G50' + 10\" per move."]
[WhiteFideId "343411290"]
[BlackFideId "441228"]
[WhiteElo "1747"]
[BlackElo "2264"]

1. c4 {[%clk 00:50:18]} {[%emt 00:00:01]} Nf6 {[%clk 00:50:09]} {[%emt
00:00:11]} 2. Nc3 {[%clk 00:50:22]} {[%emt 00:00:07]} d5 {[%clk 00:49:54]}
{[%emt 00:00:23]} 3. cxd5 {[%clk 00:50:24]} {[%emt 00:00:09]} Nxd5 {[%clk
00:49:59]} {[%emt 00:00:04]} 4. g3 {[%clk 00:50:28]} {[%emt 00:00:07]} g6
{[%clk 00:48:35]} {[%emt 00:01:34]} 5. Bg2 {[%clk 00:50:33]} {[%emt 00:00:05]}
c6 {[%clk 00:48:07]} {[%emt 00:00:38]} 6. Nf3 {[%clk 00:48:41]} {[%emt
00:02:03]} Bg7 {[%clk 00:47:38]} {[%emt 00:00:38]} 7. O-O {[%clk 00:48:41]}
{[%emt 00:00:10]} O-O {[%clk 00:47:34]} {[%emt 00:00:13]} 8. h3 {[%clk
00:48:47]} {[%emt 00:00:06]} e5 {[%clk 00:47:03]} {[%emt 00:00:40]} 9. e4
{[%clk 00:47:39]} {[%emt 00:01:17]} Nb4 {[%clk 00:46:35]} {[%emt 00:00:38]} 10.
b3 {[%clk 00:46:49]} {[%emt 00:01:01]} Re8 {[%clk 00:43:52]} {[%emt 00:02:53]}
11. Ba3 {[%clk 00:46:09]} {[%emt 00:00:50]} a5 {[%clk 00:42:32]} {[%emt
00:01:31]} 12. Qe2 {[%clk 00:43:01]} {[%emt 00:03:17]} Nc2 {[%clk 00:41:58]}
{[%emt 00:00:44]} 13. Bb2 {[%clk 00:42:04]} {[%emt 00:01:07]} Nxa1 {[%clk
00:41:26]} {[%emt 00:00:43]} 14. Bxa1 {[%clk 00:42:13]} {[%emt 00:00:01]} b5
{[%clk 00:40:45]} {[%emt 00:00:51]} 15. Rd1 {[%clk 00:41:41]} {[%emt 00:00:41]}
Qb6 {[%clk 00:40:16]} {[%emt 00:00:40]} 16. Kh2 {[%clk 00:37:48]} {[%emt
00:04:01]} Ba6 {[%clk 00:39:50]} {[%emt 00:00:37]} 17. d3 {[%clk 00:37:26]}
{[%emt 00:00:33]} Nd7 {[%clk 00:39:33]} {[%emt 00:00:27]} 18. Nh4 {[%clk
00:35:11]} {[%emt 00:02:24]} Rad8 {[%clk 00:38:56]} {[%emt 00:00:47]} 19. a3
{[%clk 00:33:01]} {[%emt 00:02:20]} Nf8 {[%clk 00:33:37]} {[%emt 00:05:28]} 20.
f4 {[%clk 00:32:08]} {[%emt 00:01:04]} exf4 {[%clk 00:33:33]} {[%emt 00:00:13]}
21. gxf4 {[%clk 00:32:11]} {[%emt 00:00:08]} Ne6 {[%clk 00:33:29]} {[%emt
00:00:14]} 22. f5 {[%clk 00:29:21]} {[%emt 00:03:01]} Be5+ {[%clk 00:32:14]}
{[%emt 00:01:24]} 23. Kh1 {[%clk 00:29:08]} {[%emt 00:00:23]} Nf4 {[%clk
00:31:11]} {[%emt 00:01:13]} 24. Qf3 {[%clk 00:28:46]} {[%emt 00:00:31]} Rxd3
{[%clk 00:26:31]} {[%emt 00:04:51]} 25. Rxd3 {[%clk 00:28:31]} {[%emt
00:00:25]} Nxd3 {[%clk 00:26:38]} {[%emt 00:00:03]} 26. Qxd3 {[%clk 00:27:22]}
{[%emt 00:01:20]} b4 {[%clk 00:26:30]} {[%emt 00:00:17]} 27. Qd7 {[%clk
00:25:20]} {[%emt 00:02:12]} Rd8 {[%clk 00:24:28]} {[%emt 00:02:12]} 28. Na4
{[%clk 00:25:25]} {[%emt 00:00:06]} Rxd7 {[%clk 00:24:27]} {[%emt 00:00:11]} 29.
Nxb6 {[%clk 00:25:12]} {[%emt 00:00:22]} Rd1+ {[%clk 00:24:32]} {[%emt
00:00:05]} 0-1

[Event "English Schools Championship Final 2024"]
[Site "Nottingham University Kings Meadow Campus, United Kingdom"]
[Date "2024.06.27"]
[Round "1.2"]
[White "Babu, Rahul"]
[Black "Bharadwaj, Arjun Kartik"]
[Result "1-0"]
[TimeControl "G50' + 10\" per move."]
[WhiteFideId "25625136"]
[BlackFideId "343419305"]
[WhiteElo "2212"]
[BlackElo "1625"]

1. e4 {[%clk 00:50:17]} {[%emt 00:00:02]} e5 {[%clk 00:50:18]} {[%emt
00:00:02]} 2. Nf3 {[%clk 00:50:21]} {[%emt 00:00:07]} Nc6 {[%clk 00:50:24]}
{[%emt 00:00:04]} 3. d4 {[%clk 00:50:24]} {[%emt 00:00:07]} exd4 {[%clk
00:50:25]} {[%emt 00:00:08]} 4. Nxd4 {[%clk 00:50:30]} {[%emt 00:00:05]} Nf6
{[%clk 00:50:15]} {[%emt 00:00:19]} 5. Nxc6 {[%clk 00:50:35]} {[%emt 00:00:06]}
bxc6 {[%clk 00:50:11]} {[%emt 00:00:14]} 6. e5 {[%clk 00:50:43]} {[%emt
00:00:02]} Nd5 {[%clk 00:50:08]} {[%emt 00:00:13]} 7. c4 {[%clk 00:50:36]}
{[%emt 00:00:17]} Nb6 {[%clk 00:50:12]} {[%emt 00:00:06]} 8. Bd3 {[%clk
00:50:42]} {[%emt 00:00:04]} Be7 {[%clk 00:48:13]} {[%emt 00:02:09]} 9. O-O
{[%clk 00:50:10]} {[%emt 00:00:42]} d6 {[%clk 00:45:36]} {[%emt 00:02:46]} 10.
exd6 {[%clk 00:49:36]} {[%emt 00:00:45]} cxd6 {[%clk 00:45:31]} {[%emt
00:00:15]} 11. Qc2 {[%clk 00:49:24]} {[%emt 00:00:22]} Qc7 {[%clk 00:42:30]}
{[%emt 00:03:11]} 12. Bf4 {[%clk 00:49:09]} {[%emt 00:00:25]} c5 {[%clk
00:41:57]} {[%emt 00:00:43]} 13. Nc3 {[%clk 00:49:10]} {[%emt 00:00:09]} Bb7
{[%clk 00:41:38]} {[%emt 00:00:28]} 14. Rfe1 {[%clk 00:48:57]} {[%emt
00:00:24]} O-O-O {[%clk 00:40:47]} {[%emt 00:01:00]} 15. Nb5 {[%clk 00:48:05]}
{[%emt 00:01:02]} Qd7 {[%clk 00:39:10]} {[%emt 00:01:48]} 16. Bf5 {[%clk
00:48:09]} {[%emt 00:00:05]} Rhe8 {[%clk 00:35:12]} {[%emt 00:04:07]} 17. Bxd6
{[%clk 00:47:41]} {[%emt 00:00:39]} Bxd6 {[%clk 00:33:29]} {[%emt 00:01:53]} 18.
Nxd6+ {[%clk 00:47:45]} {[%emt 00:00:06]} Kb8 {[%clk 00:33:34]} {[%emt
00:00:06]} 19. Bxd7 {[%clk 00:47:27]} {[%emt 00:00:28]} Rxe1+ {[%clk 00:33:32]}
{[%emt 00:00:12]} 20. Rxe1 {[%clk 00:47:32]} {[%emt 00:00:04]} Rxd7 {[%clk
00:33:33]} {[%emt 00:00:09]} 21. Re8+ {[%clk 00:46:33]} {[%emt 00:01:09]} Kc7
{[%clk 00:33:11]} {[%emt 00:00:32]} 22. Nb5+ {[%clk 00:46:26]} {[%emt
00:00:18]} Kc6 {[%clk 00:32:44]} {[%emt 00:00:36]} 23. Nxa7+ {[%clk 00:46:29]}
{[%emt 00:00:07]} Kc7 {[%clk 00:32:18]} {[%emt 00:00:36]} 24. Nb5+ {[%clk
00:46:34]} {[%emt 00:00:05]} Kc6 {[%clk 00:32:24]} {[%emt 00:00:05]} 25. Qe4+
{[%clk 00:45:57]} {[%emt 00:00:47]} Nd5 {[%clk 00:32:28]} {[%emt 00:00:05]} 26.
Nc3 {[%clk 00:45:38]} {[%emt 00:00:29]} Kc7 {[%clk 00:31:41]} {[%emt 00:00:56]}
27. cxd5 {[%clk 00:45:20]} {[%emt 00:00:29]} Kb6 {[%clk 00:30:07]} {[%emt
00:01:44]} 28. b4 {[%clk 00:45:05]} {[%emt 00:00:25]} Rc7 {[%clk 00:29:13]}
{[%emt 00:01:04]} 29. bxc5+ {[%clk 00:44:39]} {[%emt 00:00:37]} Kxc5 {[%clk
00:28:29]} {[%emt 00:00:53]} 30. a3 {[%clk 00:44:27]} {[%emt 00:00:22]} Kb6
{[%clk 00:27:53]} {[%emt 00:00:46]} 31. Qb4+ {[%clk 00:44:18]} {[%emt
00:00:19]} Ka7 {[%clk 00:27:43]} {[%emt 00:00:19]} 32. Qa5+ {[%clk 00:44:20]}
{[%emt 00:00:09]} Ba6 {[%clk 00:27:21]} {[%emt 00:00:33]} 33. Nb5+ {[%clk
00:44:27]} {[%emt 00:00:03]} Kb7 {[%clk 00:27:18]} {[%emt 00:00:12]} 34. Qxa6+
{[%clk 00:44:31]} {[%emt 00:00:07]} 1-0

[Event "English Schools Championship Final 2024"]
[Site "Nottingham University Kings Meadow Campus, United Kingdom"]
[Date "2024.06.27"]
[Round "1.3"]
[White "Hazell, Peter"]
[Black "Bharat Kumar, Balahari"]
[Result "0-1"]
[TimeControl "G50' + 10\" per move."]
[WhiteFideId "343400922"]
[BlackFideId "496464"]
[WhiteElo "1666"]
[BlackElo "2144"]

1. d4 {[%clk 00:50:18]} d5 {[%clk 00:50:15]} {[%emt 00:00:06]} 2. c4 {[%clk
00:50:24]} {[%emt 00:00:04]} e6 {[%clk 00:50:22]} {[%emt 00:00:04]} 3. Nc3
{[%clk 00:50:30]} {[%emt 00:00:03]} a6 {[%clk 00:50:26]} {[%emt 00:00:06]} 4.
e3 {[%clk 00:50:32]} {[%emt 00:00:08]} Nf6 {[%clk 00:50:16]} {[%emt 00:00:20]}
5. Nf3 {[%clk 00:50:30]} {[%emt 00:00:13]} Be7 {[%clk 00:49:55]} {[%emt
00:00:31]} 6. Qc2 {[%clk 00:50:20]} {[%emt 00:00:19]} O-O {[%clk 00:49:50]}
{[%emt 00:00:16]} 7. Be2 {[%emt 00:03:15]} dxc4 {[%clk 00:46:37]} {[%emt
00:01:11]} 8. a4 {[%clk 00:49:29]} {[%emt 00:00:07]} c5 {[%clk 00:44:56]}
{[%emt 00:01:51]} 9. Bxc4 {[%clk 00:49:13]} {[%emt 00:00:26]} Nc6 {[%clk
00:43:44]} {[%emt 00:01:23]} 10. Ne2 {[%clk 00:47:26]} {[%emt 00:01:55]} Bd7
{[%clk 00:40:16]} {[%emt 00:03:40]} 11. O-O {[%clk 00:47:27]} {[%emt 00:00:09]}
Nb4 {[%clk 00:38:14]} {[%emt 00:02:11]} 12. Qb1 {[%clk 00:46:31]} {[%emt
00:01:05]} b5 {[%clk 00:36:11]} {[%emt 00:02:15]} 13. Bb3 {[%clk 00:45:37]}
{[%emt 00:00:59]} c4 {[%clk 00:35:30]} {[%emt 00:00:55]} 14. Bd1 {[%clk
00:44:54]} {[%emt 00:00:52]} Bc6 {[%clk 00:33:51]} {[%emt 00:01:50]} 15. Nc3
{[%clk 00:44:21]} {[%emt 00:00:43]} Nd3 {[%clk 00:32:36]} {[%emt 00:01:26]} 16.
Ne5 {[%clk 00:43:42]} {[%emt 00:00:49]} Bb7 {[%clk 00:30:45]} {[%emt 00:02:01]}
17. Nxd3 {[%clk 00:43:23]} {[%emt 00:00:29]} cxd3 {[%clk 00:29:53]} {[%emt
00:01:02]} 18. axb5 {[%clk 00:43:20]} {[%emt 00:00:13]} axb5 {[%clk 00:29:31]}
{[%emt 00:00:31]} 19. Rxa8 {[%clk 00:42:07]} {[%emt 00:01:23]} Qxa8 {[%clk
00:29:00]} {[%emt 00:00:42]} 20. f3 {[%clk 00:41:22]} {[%emt 00:00:55]} b4
{[%clk 00:27:41]} {[%emt 00:01:28]} 21. Na4 {[%clk 00:41:22]} {[%emt 00:00:08]}
Bc6 {[%clk 00:23:39]} {[%emt 00:04:15]} 22. b3 {[%clk 00:41:22]} {[%emt
00:00:10]} Bb5 {[%clk 00:20:03]} {[%emt 00:03:46]} 23. Bd2 {[%clk 00:41:17]}
{[%emt 00:00:14]} Qa5 {[%clk 00:16:03]} {[%emt 00:04:10]} 24. Nb2 {[%clk
00:39:30]} {[%emt 00:01:57]} Qa6 {[%clk 00:14:59]} {[%emt 00:01:14]} 25. Nc4
{[%clk 00:37:27]} {[%emt 00:02:14]} Rc8 {[%clk 00:12:33]} {[%emt 00:02:36]} 26.
Qxd3 {[%clk 00:36:50]} {[%emt 00:00:47]} Rxc4 {[%clk 00:12:15]} {[%emt
00:00:27]} 27. bxc4 {[%clk 00:34:43]} {[%emt 00:02:18]} Bxc4 {[%clk 00:12:21]}
{[%emt 00:00:04]} 28. Qb1 {[%clk 00:34:15]} {[%emt 00:00:37]} Bxf1 {[%clk
00:12:17]} {[%emt 00:00:14]} 29. Bc2 {[%clk 00:34:05]} {[%emt 00:00:21]} Qe2
{[%clk 00:08:16]} {[%emt 00:04:10]} 30. Qxf1 {[%clk 00:33:49]} {[%emt
00:00:25]} Qxd2 {[%clk 00:08:21]} {[%emt 00:00:06]} 31. Qd1 {[%clk 00:33:13]}
{[%emt 00:00:46]} Qxe3+ {[%clk 00:07:55]} {[%emt 00:00:37]} 32. Kh1 {[%clk
00:33:16]} {[%emt 00:00:07]} g6 {[%clk 00:07:20]} {[%emt 00:00:45]} 33. g3
{[%clk 00:33:07]} {[%emt 00:00:19]} Nd5 {[%clk 00:06:54]} {[%emt 00:00:36]} 34.
Be4 {[%clk 00:32:27]} {[%emt 00:00:50]} Nc3 {[%clk 00:06:17]} {[%emt 00:00:46]}
35. Qc2 {[%clk 00:32:17]} {[%emt 00:00:20]} Nxe4 {[%clk 00:05:52]} {[%emt
00:00:35]} 36. fxe4 {[%clk 00:32:13]} {[%emt 00:00:13]} Qc3 {[%clk 00:05:38]}
{[%emt 00:00:25]} 37. Qa4 {[%clk 00:32:09]} {[%emt 00:00:14]} Qe1+ {[%clk
00:05:43]} {[%emt 00:00:06]} 38. Kg2 {[%clk 00:32:07]} {[%emt 00:00:12]} Qxe4+
{[%clk 00:05:46]} {[%emt 00:00:07]} 0-1

[Event "English Schools Championship Final 2024"]
[Site "Nottingham University Kings Meadow Campus, United Kingdom"]
[Date "2024.06.27"]
[Round "1.4"]
[White "Agrawal, Shivam"]
[Black "Cooper, George"]
[Result "1-0"]
[TimeControl "G50' + 10\" per move."]
[WhiteFideId "460460"]
[BlackFideId "343411304"]
[WhiteElo "2158"]
[BlackElo "1575"]

1. d4 {[%clk 00:50:16]} {[%emt 00:00:02]} Nf6 {[%clk 00:50:17]} {[%emt
00:00:05]} 2. c4 {[%clk 00:50:21]} {[%emt 00:00:05]} e5 {[%clk 00:50:21]}
{[%emt 00:00:06]} 3. dxe5 {[%clk 00:50:24]} {[%emt 00:00:06]} Ng4 {[%clk
00:50:28]} {[%emt 00:00:03]} 4. Bf4 {[%clk 00:50:03]} {[%emt 00:00:31]} Nc6
{[%clk 00:49:59]} {[%emt 00:00:39]} 5. Nf3 {[%clk 00:50:06]} {[%emt 00:00:08]}
Bb4+ {[%clk 00:49:45]} {[%emt 00:00:24]} 6. Nbd2 {[%clk 00:50:08]} {[%emt
00:00:07]} Qe7 {[%clk 00:49:37]} {[%emt 00:00:18]} 7. a3 {[%clk 00:50:13]}
{[%emt 00:00:05]} Bxd2+ {[%clk 00:48:54]} {[%emt 00:00:53]} 8. Qxd2 {[%clk
00:50:13]} {[%emt 00:00:10]} Ngxe5 {[%clk 00:48:38]} {[%emt 00:00:27]} 9. Nxe5
{[%clk 00:50:12]} {[%emt 00:00:10]} Nxe5 {[%clk 00:48:43]} {[%emt 00:00:05]} 10.
Bxe5 {[%clk 00:49:40]} {[%emt 00:00:43]} Qxe5 {[%clk 00:48:42]} {[%emt
00:00:11]} 11. g3 {[%clk 00:49:47]} {[%emt 00:00:02]} O-O {[%clk 00:42:29]}
{[%emt 00:06:24]} 12. Bg2 {[%clk 00:49:50]} {[%emt 00:00:07]} Rb8 {[%clk
00:41:48]} {[%emt 00:00:51]} 13. O-O {[%clk 00:46:30]} {[%emt 00:03:30]} b5
{[%clk 00:40:05]} {[%emt 00:01:52]} 14. Qa5 {[%clk 00:30:59]} {[%emt 00:15:42]}
Bb7 {[%clk 00:35:50]} {[%emt 00:04:25]} 15. Qxb5 {[%clk 00:25:57]} {[%emt
00:05:12]} Qxb5 {[%clk 00:35:29]} {[%emt 00:00:31]} 16. cxb5 {[%clk 00:26:05]}
{[%emt 00:00:02]} Bxg2 {[%clk 00:35:26]} {[%emt 00:00:13]} 17. Kxg2 {[%clk
00:26:13]} {[%emt 00:00:02]} Rxb5 {[%clk 00:35:27]} {[%emt 00:00:09]} 18. Rac1
{[%clk 00:26:07]} {[%emt 00:00:15]} Rb7 {[%clk 00:33:54]} {[%emt 00:01:43]} 19.
Rfd1 {[%clk 00:25:41]} {[%emt 00:00:36]} d6 {[%clk 00:31:40]} {[%emt 00:02:25]}
20. Rc6 {[%clk 00:20:42]} {[%emt 00:05:08]} Rd8 {[%clk 00:28:31]} {[%emt
00:03:20]} 21. e4 {[%clk 00:19:03]} {[%emt 00:01:49]} f6 {[%clk 00:26:51]}
{[%emt 00:01:50]} 22. Rdc1 {[%clk 00:15:36]} {[%emt 00:03:37]} Rd7 {[%clk
00:26:06]} {[%emt 00:00:55]} 23. b4 {[%clk 00:13:52]} {[%emt 00:01:53]} Kf7
{[%clk 00:21:14]} {[%emt 00:05:02]} 24. Rd1 {[%clk 00:09:06]} {[%emt 00:04:55]}
Rb5 {[%clk 00:18:48]} {[%emt 00:02:37]} 25. Ra6 {[%clk 00:08:53]} {[%emt
00:00:23]} Rb7 {[%clk 00:18:35]} {[%emt 00:00:24]} 26. Rd5 {[%clk 00:08:48]}
{[%emt 00:00:14]} Rd8 {[%clk 00:17:51]} {[%emt 00:00:54]} 27. f4 {[%clk
00:08:12]} {[%emt 00:00:47]} Ke6 {[%clk 00:15:58]} {[%emt 00:02:03]} 28. Rh5
{[%clk 00:06:59]} {[%emt 00:01:23]} h6 {[%clk 00:15:18]} {[%emt 00:00:50]} 29.
g4 {[%clk 00:06:36]} {[%emt 00:00:33]} Kf7 {[%clk 00:14:54]} {[%emt 00:00:34]}
30. Rha5 {[%clk 00:06:32]} {[%emt 00:00:13]} Ra8 {[%clk 00:14:54]} {[%emt
00:00:11]} 31. Kf3 {[%clk 00:05:12]} {[%emt 00:01:30]} g6 {[%clk 00:11:57]}
{[%emt 00:03:07]} 32. Ke3 {[%clk 00:04:14]} {[%emt 00:01:08]} g5 {[%clk
00:11:36]} {[%emt 00:00:31]} 33. h4 {[%clk 00:03:38]} {[%emt 00:00:47]} gxh4
{[%clk 00:11:23]} {[%emt 00:00:23]} 34. Rh5 {[%clk 00:03:46]} {[%emt 00:00:01]}
Kg6 {[%clk 00:10:20]} {[%emt 00:01:13]} 35. Rxh4 {[%clk 00:03:41]} {[%emt
00:00:15]} Rb6 {[%clk 00:10:11]} {[%emt 00:00:19]} 36. Ra5 {[%clk 00:03:22]}
{[%emt 00:00:29]} a6 {[%clk 00:10:05]} {[%emt 00:00:16]} 37. Rah5 {[%clk
00:02:54]} {[%emt 00:00:38]} Rh8 {[%clk 00:09:52]} {[%emt 00:00:06]} 38. g5
{[%clk 00:03:03]} {[%emt 00:00:18]} fxg5 {[%clk 00:09:45]} {[%emt 00:00:17]} 39.
fxg5 {[%clk 00:02:55]} {[%emt 00:00:18]} Rb5 {[%clk 00:09:47]} {[%emt
00:00:08]} 40. Rxh6+ {[%clk 00:02:59]} {[%emt 00:00:05]} Rxh6 {[%clk 00:09:39]}
{[%emt 00:00:19]} 41. gxh6 {[%clk 00:03:03]} {[%emt 00:00:06]} Kh7 {[%clk
00:09:16]} {[%emt 00:00:32]} 42. Kd4 {[%clk 00:03:04]} {[%emt 00:00:10]} a5
{[%clk 00:07:23]} {[%emt 00:02:03]} 43. Kc4 {[%clk 00:03:06]} {[%emt 00:00:08]}
Re5 {[%clk 00:07:09]} {[%emt 00:00:24]} 44. a4 {[%clk 00:02:01]} {[%emt
00:01:15]} c6 {[%clk 00:06:47]} {[%emt 00:00:33]} 45. bxa5 {[%clk 00:02:01]}
{[%emt 00:00:10]} Rxa5 {[%clk 00:06:49]} {[%emt 00:00:07]} 46. Kb4 {[%clk
00:02:10]} Ra6 {[%clk 00:06:14]} {[%emt 00:00:44]} 47. Rh5 {[%clk 00:01:38]}
{[%emt 00:00:43]} Ra7 {[%clk 00:06:05]} {[%emt 00:00:19]} 48. e5 {[%clk
00:00:37]} {[%emt 00:01:11]} dxe5 {[%clk 00:05:07]} {[%emt 00:01:07]} 49. Rxe5
{[%clk 00:00:40]} {[%emt 00:00:08]} Ra6 {[%clk 00:05:07]} {[%emt 00:00:10]} 50.
Rh5 {[%clk 00:00:21]} {[%emt 00:00:28]} Ra7 {[%clk 00:05:06]} {[%emt 00:00:12]}
51. Rh4 {[%clk 00:00:26]} {[%emt 00:00:05]} Ra8 {[%clk 00:04:04]} {[%emt
00:01:12]} 52. Kc5 {[%clk 00:00:34]} {[%emt 00:00:02]} Ra6 {[%clk 00:04:13]}
{[%emt 00:00:01]} 53. Kd6 {[%clk 00:00:43]} {[%emt 00:00:01]} Rb6 {[%clk
00:03:58]} {[%emt 00:00:26]} 54. Kc7 {[%clk 00:00:46]} {[%emt 00:00:05]} Rb1
{[%clk 00:04:03]} {[%emt 00:00:05]} 55. Kxc6 {[%clk 00:00:54]} {[%emt
00:00:03]} Rc1+ {[%clk 00:04:12]} {[%emt 00:00:01]} 56. Kb6 {[%clk 00:01:00]}
{[%emt 00:00:02]} Rb1+ {[%clk 00:04:20]} {[%emt 00:00:03]} 57. Ka6 {[%clk
00:01:08]} {[%emt 00:00:02]} Rf1 {[%clk 00:04:29]} {[%emt 00:00:02]} 58. Rb4
{[%clk 00:00:41]} {[%emt 00:00:37]} Kxh6 {[%clk 00:04:31]} {[%emt 00:00:08]} 59.
a5 {[%clk 00:00:46]} {[%emt 00:00:04]} Rf8 {[%clk 00:04:16]} {[%emt 00:00:26]}
60. Ka7 {[%clk 00:00:51]} {[%emt 00:00:04]} Rf7+ {[%clk 00:03:11]} {[%emt
00:01:15]} 61. Rb7 {[%clk 00:00:59]} {[%emt 00:00:02]} Rf1 {[%clk 00:03:19]}
{[%emt 00:00:04]} 62. a6 {[%clk 00:01:05]} {[%emt 00:00:03]} Kh5 {[%clk
00:03:19]} {[%emt 00:00:10]} 63. Ka8 {[%clk 00:01:12]} {[%emt 00:00:03]} Rf8+
{[%clk 00:03:24]} {[%emt 00:00:05]} 64. Rb8 {[%clk 00:01:20]} {[%emt 00:00:02]}
1-0